[Event "Seville op 35th"]
[Site "Seville"]
[Date "2010.01.08"]
[Round "1"]
[White "Reina Aguilar, Marcelo"]
[Black "Burmakin, Vladimir"]
[Result "0-1"]
[WhiteElo "1919"]
[BlackElo "2590"]
[PlyCount "93"]
[EventDate "2010.01.08"]
[EventType "swiss"]
[EventRounds "9"]
[EventCountry "ESP"]
[SourceTitle "CBM 134 Extra"]
[Source "ChessBase"]
[SourceDate "2010.03.03"]
[SourceVersion "1"]
[SourceVersionDate "2010.03.03"]
[SourceQuality "1"]

1. d4 d5 2. c4 e6 3. Nc3 Nf6 4. cxd5 exd5 5. Bg5 c6 6. e3 Be7 7. Qc2 h6 8. Bh4 Nbd7 9. Bd3 0-0 10. Nge2 Re8 11. 0-0 Nh5 12. Bxe7 Qxe7 13. a3 a5 14. Rab1 Nhf6 15. b4 axb4 16. axb4 b5 17. Ng3 Nb6 18. e4 dxe4 19. Ncxe4 Nc4 20. Bxc4 Nxe4 21. Bxf7+ Qxf7 22. Nxe4 Bf5 23. f3 Qd5 24. Rfe1 Qxd4+ 25. Kh1 Re6 26. Red1 Bxe4 27. fxe4 Qxe4 28. Qxe4 Rxe4 29. Rdc1 Ra2 30. Rxc6 Ree2 31. Rg6 Rab2 32. Rc1 Rxb4 33. h3 Kh7 34. Rg3 Re7 35. Rcc3 Rb7 36. Kg1 Rb1+ 37. Kf2 Rb2+ 38. Ke1 b4 39. Rb3 Rxb3 40. Rxb3 Kg6 41. Ke2 Kf5 42. Ke3 Ke5 43. g3 Kd5 44. Kd3 Kc5 45. Kd2 Kc4 46. Kc2 Rf7 47. Re3 0-1

[Event "Seville op 33rd"]
[Site "Seville"]
[Date "2008.01.05"]
[Round "1"]
[White "Reina Aguilar, Marcelo"]
[Black "Korneev, Oleg"]
[Result "0-1"]
[WhiteElo "1933"]
[BlackElo "2645"]
[PlyCount "58"]
[EventDate "2008.01.05"]
[EventType "swiss"]
[EventRounds "9"]
[EventCountry "ESP"]
[SourceTitle "CBM 122 Extra"]
[Source "ChessBase"]
[SourceDate "2008.03.04"]
[SourceVersion "1"]
[SourceVersionDate "2008.03.04"]
[SourceQuality "1"]

1. d4 d5 2. c4 e6 3. Nc3 c6 4. cxd5 exd5 5. Qc2 g6 6. e4 dxe4 7. Qxe4+ Qe7 8. Bg5 Qxe4+ 9. Nxe4 Bf5 10. f3 Nd7 11. Bc4 h6 12. Bh4 g5 13. Bg3 Ngf6 14. Nxf6+ Nxf6 15. 0-0-0 Nd5 16. Bxd5 cxd5 17. Ne2 Kd7 18. Nc3 Rc8 19. Kd2 Bb4 20. Rc1 Rc4 21. Bf2 Rhc8 22. g4 Bg6 23. h4 b5 24. hxg5 hxg5 25. Be3 Ba5 26. a3 b4 27. axb4 Rxb4 28. Kd1 Rxb2 29. Bd2 Rc4 0-1

[Event "Trevias op"]
[Site "Trevias"]
[Date "2006.09.17"]
[Round "7"]
[White "Arias Garcia, David"]
[Black "Reina Aguilar, Marcelo"]
[Result "0-1"]
[WhiteElo "1872"]
[BlackElo "2059"]
[PlyCount "134"]
[EventDate "2006.09.11"]
[EventType "swiss"]
[EventRounds "7"]
[EventCountry "ESP"]
[SourceTitle "CBM 114 Extra"]
[Source "ChessBase"]
[SourceDate "2006.11.03"]
[SourceVersion "1"]
[SourceVersionDate "2006.11.03"]
[SourceQuality "1"]

1. e4 c5 2. Nf3 Nc6 3. d4 cxd4 4. Nxd4 g6 5. Nc3 Bg7 6. Be3 Nf6 7. Bc4 Na5 8. Bb3 Nxb3 9. Nxb3 d6 10. f3 0-0 11. Qd2 Be6 12. 0-0-0 Bxb3 13. axb3 Qa5 14. Kb1 Rfc8 15. Bh6 Bxh6 16. Qxh6 Rc5 17. Qd2 Rac8 18. Rhe1 Qc7 19. Re2 b5 20. Nd5 Nxd5 21. exd5 Qb7 22. Qd4 a5 23. h4 a4 24. h5 axb3 25. cxb3 Qc7 26. Qe3 Ra8 27. b4 Rc4 28. Qxe7 Qxe7 29. Rxe7 gxh5 30. Re4 Rac8 31. Rde1 Kg7 32. Re7 Rd4 33. Rd7 Rxd5 34. Ree7 Rd1+ 35. Ka2 Ra8+ 36. Kb3 Rf8 37. Re6 Rg1 38. Re2 Rd1 39. Re6 Rd2 40. Rexd6 Rxg2 41. Rd5 Re8 42. Rf5 Rf8 43. Rxh5 Rg3 44. Rxb5 Rxf3+ 45. Kc4 Rf4+ 46. Kc3 Kg6 47. Rc5 Re8 48. b5 Rb8 49. Rd6+ f6 50. b6 h5 51. Rb5 h4 52. b7 h3 53. Rd2 f5 54. Rh2 Rh4 55. Kd3 Kg5 56. Ke2 Kg4 57. Kf2 Rh7 58. Rb3 f4 59. Rh1 Rhxb7 60. Rbxh3 Rxb2+ 61. Kf1 Rb1+ 62. Ke2 R8b2+ 63. Kd3 Rb3+ 64. Kc2 R1b2+ 65. Kc1 Rxh3 66. Rxh3 Kxh3 67. Kxb2 f3 0-1